000 03576cam a2200385 i 4500
001 768714001
003 CO-MdFUSB
005 20220630120216.0
007 ta
008 090604t20092009scua b s001 0 eng
020 _a1570038708
040 _aDLC
_beng
_cCO-MdFUSB
_dBTCTA
_dC#P
_dOrLoB-B
_dLML
_erda
041 _aeng
082 _223
_a201.6508
_bR295
245 0 0 _aRecent themes in the history of science and religion :
_bhistorians in conversation /
_ceditado por Donald A. Yerxa.
246 3 0 _aHistory of science and religion.
264 1 _aColumbia, S.C. :
_bUniversity of South Carolina Press,
_c[2009]
264 4 _c© 2009
300 _a146 páginas :
_bilustraciones ;
_c23 cm.
336 _atexto
_btxt
_2rdacontent.
337 _asin mediación
_bn
_2rdamedia.
338 _avolumen
_bnc
_2rdacarrier.
490 1 _aHistorians in conversation.
504 _aIncluye referencias bibliográficas (páginas [135]-137) e índice.
505 _aGrandes interrogantes y los complejos compromisos de la ciencia y la religión en la historia / Donald A. Yerxa -- Ciencia y religión en perspectiva histórica. Evaluación de las relaciones entre ciencia y religión / William R. Shea -- Respuesta a William Shea / Edward J. Larson -- Comentarios sobre William Shea / Ronald L. Numbers -- Réplica a Numbers y Larson / William R. Shea -- Complejidad y la historia de la ciencia y la religión. Ciencia, religión y complejidad histórica / John Hedley Brooke -- Respuesta a Brooke / William R. Shea -- Ciencia, religión y las cartografías de la complejidad / David N. Livingstone -- Respuesta / John Hedley Brooke -- Herbert Butterfield y la revolución científica. Reevaluando la tesis de Butterfield / Peter Harrison -- Respuesta a Harrison / William R. Shea -- La tesis de Butterfield y la revolución científica : comentarios sobre Peter Harrison / David C. Lindberg -- Respuesta a Harrison : Orígenes de Butterfield de la ciencia moderna y lo científico revolución / Charles C. Gillispie -- Réplica a Gillespie, Lindberg y Shea / Peter Harrison -- ¿Progreso en la historia? Progreso en la historia / Bruce Mazlish --Progreso: ¿direccionalidad o mejora? / David Christian -- El progreso como provincianismo / JCD Clark -- El progreso en la historia / Robert E. Lucas, Jr. -- Contingencia, necesidad, teleología y progreso: respuesta a Mazlish / Aviezer Tucker -- Réplica
520 1 _a"Esta colección de ensayos... se centra en cuatro diálogos sostenidos entre un grupo internacional de destacados historiadores de la ciencia. Dos de las conversaciones se centran en cómo los historiadores interpretan la relación entre la ciencia y la religión. Otra sección examina si existió un fenómeno como el revolución científica y, de ser así, si fue de importancia fundamental. La sección final debate la noción de que ha habido un progreso perceptible en la historia. En conjunto, los expertos que contribuyen a este volumen buscan abordar las grandes preguntas en juego en los esfuerzos en curso para comprender la interfaz histórica de la ciencia y la religión, dos de las formas más importantes de conocer nuestro mundo, para mejorar nuestra comprensión de cómo ambas han dado forma al curso de la historia y la dirección del pensamiento moderno"
563 _aRústico
650 0 _aReligión y ciencia
_96734
_xHistoria.
650 0 _aReligiones
_96734
_xHistoria.
700 1 _aYerxa, Donald A.,
_d1950-
_eedtor
830 0 _aHistorians in conversation.
942 _cBK
945 _aJTF-925
999 _c67663
_d67663